000 00439nam a2200157Ia 4500
008 230314s9999 xx 000 0 und d
020 _a978-93-86896-74-2
041 _aeng
082 _aN/613.2/CHA/B09901
100 _aChauhan Deepti
_9180181
245 _aApplied Nutrition and Dietetics for BSc and Post Basic Nursing Stutents
260 _bLotus
_aJalandhar
_c2022
300 _a344p
906 _bBSC
999 _c142530
_d142530